000 00280nam a22001217a 4500
082 _a004.19 COM'H
100 _aKORN, G.A,HUSKEY, HARRY D
_960645
245 _aCOMPUTER HANDBOOK
250 _a1ST
260 _aNEWYORK
_bMCGRAW HILL
_c1962
300 _aXVIII,21-99P
942 _cBK
999 _c570326
_d570326